LEADER 01154nam a2200301 u 4500 001 000000031776 003 CaOOAMICUS 005 20070226112158.0 008 971007s1991 it u000 u ita u 020 $a8837214502 035 $a10771898 040 $aPUL(R)$bita 100 1 $aTrotta, Giuseppe.$0(OLS)http://pul/name/25276 245 13$aIl sabato nella tradizione ebraica /$ca cura di Giuseppe Trotta. 260 $aBrescia :$bMorcelliana,$c1991. 300 $a180 p. ;$c20 cm 490 1 $aAttendendo l'aurora 500 $aIn testa al front.: E. Bianchi ... [et al.]. 504 $aBibliografia in nota. 700 1 $aBianchi, E.$0(OLS)http://pul/name/25277 830 0$aAttendendo l'aurora.$0(OLS)http://pul/title/43164 850 $aPUL 852 $aPUL$W1$xSL Religione 1$y3$m7(1) F 56$j43827$nBK-PRI$b $qStampati$B43827$CPULBib$Z2$F43827 $H $81 941 1 $a8 961 $aINV: 68771 996 $6020$a8837214502$9(OLS)http://pul/number/39905 996 $6245$aIl sabato nella tradizione ebraica$9(OLS)http://pul/title/43727 996 $6260$aBrescia :$bMorcelliana$9(OLS)http://pul/publisher/47854 LEADER 01560nam a2200313 a 4500 001 000000157302 003 CaOOAMICUS 005 20161212090609.0 008 161212s2016 gw a u000 u ger r 020 $a978-3-579-02682-4* 032 $aLibriCat 040 $aPUL$bita 100 1 $aBuber, Martin,$d1878-1965.$0(OLS)http://pul/name/5557 245 10$aSchriften zu Literatur, Theater und Kunst Lyrik, Autobiographie und Drama /$cMartin Buber ; Herausgegeben, eingeleitet und kommentiert von Emily D. Bilski ... [et al.]. 260 $aGütersloh :$bGütersloher Verlagshaus,$c©2016. 300 $a911 p. :$bill. ;$c23 cm. 490 1 $aMartin Buber Werkausgabe ;$v07 504 $aInclude riferimenti bibliografici ed indice. 600 14$aBuber, Martin,$d1878-1965.$0(OLS)http://pul/subject/15918 700 1 $aBilski, Emily D.$0(OLS)http://pul/name/100343 800 1 $aBuber, Martin,$d1878-1965.$tOpere.$0(OLS)http://pul/nameTitle/1137$0(OLS)http://pul/name/5557$0(OLS)http://pul/title/5258 830 0$aMartin Buber Werkausgabe ;$v07.$0(OLS)http://pul/title/151025 850 $aPUL 852 $aPUL$W1$xSL Religione 1$y3$m7(1) M 8.7$j180600$qStampati$B183720$CPULBib$Z2$F183720 $H128596 $81 941 1 $a8 996 $6020$a978-3-579-02682-4*$9(OLS)http://pul/number/161678 996 $6245$aSchriften zu Literatur, Theater und Kunst Lyrik, Autobiographie und Drama$9(OLS)http://pul/title/196906 996 $6260$aGütersloh :$bGütersloher Verlagshaus$9(OLS)http://pul/publisher/67356